[Event "AUTO-MASTER-2562"]
[Site "http://www.queenalice.com/game.php?id=1517096"]
[Date "2018.2.23"]
[Round "2"]
[White "Duncan"]
[Black "Donyelko"]
[Result "1-0"]
[WhiteElo "2282"]
[BlackElo "2032"]

1. e4 e5 2. Nf3 Nc6 3. Bb5 a6 4. Ba4 b5 5. Bb3 Na5 6. O-O Nxb3 7. axb3 Be7 8. d4
exd4 9. Nxd4 g6 10. Re1 Bb7 11. c4 Bg5 12. Nc3 c6 13. e5 Bxc1 14. Rxc1 Ne7 15.
Ne4 Nf5 16. Nxf5 gxf5 17. Nd6+ Kf8 18. Qh5 Qe7 19. Qh6+ Kg8 20. Nxf5 1-0

[Event "AUTO-MASTER-2562"]
[Site "http://www.queenalice.com/game.php?id=1517097"]
[Date "2018.2.23"]
[Round "2"]
[White "Donyelko"]
[Black "Duncan"]
[Result "0-1"]
[WhiteElo "1983"]
[BlackElo "2318"]

1. e4 c5 2. f4 d6 3. Nf3 Nc6 4. Bc4 Nf6 5. Nc3 g6 6. O-O Bg7 7. Re1 Bg4 8. Be2
O-O 9. h3 Bd7 10. b3 a6 11. Bb2 Qc7 12. d3 e6 13. e5 dxe5 14. fxe5 Nxe5 15. Nxe5
Qxe5 16. Bf3 Qc7 17. Ne4 Nxe4 18. Bxg7 Kxg7 19. Bxe4 Bc6 20. Bxc6 Qxc6 21. Qg4
Rad8 22. a4 Rd4 23. Qg3 f6 24. Re2 e5 25. Rae1 b5 26. Re4 bxa4 27. bxa4 Qxa4 28.
c3 Rxe4 29. dxe4 Rd8 30. Qe3 Qb5 31. Ra1 Rd3 32. Qe1 Qb6 33. Rb1 Qa7 34. Kh2 a5
35. Qc1 c4 36. Rb5 a4 37. Qb1 Qe3 0-1

[Event "AUTO-OPEN-3752"]
[Site "http://www.queenalice.com/game.php?id=1528093"]
[Date "2018.5.21"]
[Round "3"]
[White "nemeth"]
[Black "Duncan"]
[Result "0-1"]
[WhiteElo "2385"]
[BlackElo "2357"]

1. e4 c5 2. Nc3 a6 3. g3 b5 4. Bg2 Bb7 5. d3 e6 6. f4 Nf6 7. Nf3 d5 8. exd5 exd5
9. O-O Be7 10. d4 O-O 11. h3 h5 12. Kh2 Nbd7 13. Be3 Qc7 14. Ne5 Rad8 15. Bf3 h4
16. g4 Nxe5 17. fxe5 Ne4 18. Qd3 cxd4 19. Bxd4 f6 20. Nxe4 dxe4 21. Bxe4 fxe5
22. Qb3+ Kh8 0-1

[Event "AUTO-OPEN-3752"]
[Site "http://www.queenalice.com/game.php?id=1528094"]
[Date "2018.5.21"]
[Round "3"]
[White "Duncan"]
[Black "nemeth"]
[Result "1/2-1/2"]
[WhiteElo "2356"]
[BlackElo "2385"]

1. e4 e5 2. Nf3 Nc6 3. Bb5 Bc5 4. c3 Nf6 5. d4 exd4 6. e5 Ne4 7. cxd4 Bb4+ 8.
Nbd2 Nxd2 9. Bxd2 Bxd2+ 10. Qxd2 O-O 11. O-O Ne7 12. Rfe1 Ng6 13. Bd3 d5 14.
Rac1 c6 15. h3 Nh4 16. Nxh4 Qxh4 17. Qe3 Bd7 18. f4 Rae8 19. f5 g6 20. f6 Kh8
1/2-1/2

[Event "AUTO-OPEN-3752"]
[Site "http://www.queenalice.com/game.php?id=1528095"]
[Date "2018.5.21"]
[Round "3"]
[White "Lamorteoscura77"]
[Black "Duncan"]
[Result "0-1"]
[WhiteElo "2234"]
[BlackElo "2382"]

1. e4 c5 2. Nf3 d6 3. d4 cxd4 4. Nxd4 Nf6 5. Nc3 a6 6. f3 e6 7. Bc4 Qc7 8. Bb3
b5 9. Be3 Nbd7 10. O-O Nc5 11. Nce2 Be7 12. a4 bxa4 13. Bxa4+ Nxa4 14. Rxa4 Bd7
15. Ra1 d5 16. exd5 Nxd5 17. Bf2 O-O 18. b3 Rfd8 19. c4 Nb4 20. Qd2 e5 21. Nc2
Bf5 22. Qxb4 Bxb4 23. Nxb4 Qb7 24. Nd5 Bd3 25. Rfe1 Bxe2 26. Rxe2 Qxb3 27. Rxe5
Qxc4 28. Rd1 f6 29. Rf5 Qb3 0-1

[Event "AUTO-OPEN-3752"]
[Site "http://www.queenalice.com/game.php?id=1528096"]
[Date "2018.5.21"]
[Round "3"]
[White "Duncan"]
[Black "Lamorteoscura77"]
[Result "1-0"]
[WhiteElo "2374"]
[BlackElo "2228"]

1. e4 c6 2. d4 d5 3. e5 Bf5 4. Nf3 e6 5. Be2 c5 6. Be3 Nc6 7. dxc5 Qa5+ 8. c3
Nge7 9. O-O Bg4 10. Nbd2 Bxf3 11. Nxf3 Ng6 12. b4 Qc7 13. Nd4 Ngxe5 14. f4 Nd7
15. Nb5 Qb8 16. f5 a6 17. fxe6 fxe6 18. Nd4 Nxd4 19. Bxd4 e5 20. Be3 Nf6 21.
Rxf6 gxf6 22. Bh5+ Ke7 23. Qxd5 Qc7 24. Qf7+ Kd8 25. Qe8# 1-0

[Event "AUTO-ELITE-2054"]
[Site "http://www.queenalice.com/game.php?id=1549663"]
[Date "2018.11.18"]
[Round "1"]
[White "shogun"]
[Black "Duncan"]
[Result "1/2-1/2"]
[WhiteElo "2536"]
[BlackElo "2403"]

1. e4 c5 2. Nf3 d6 3. c3 Nf6 4. Bc4 Qc7 5. O-O Bg4 6. Na3 a6 7. d4 b5 8. Bd3
Nbd7 9. Re1 c4 10. Bc2 e5 11. h3 Bxf3 12. Qxf3 Be7 13. Bd1 O-O 14. Qg3 Rfe8 15.
Bf3 Rab8 16. Nc2 a5 17. Bd2 g6 18. Rac1 Bf8 19. Qh4 Bg7 20. Re2 b4 21. Ne3 bxc3
22. Bxc3 Rbc8 23. d5 Qa7 24. Be1 Qa6 25. Rec2 Nc5 26. Rxc4 Nd3 27. Rxc8 Rxc8 28.
Rxc8+ Qxc8 29. Bc3 h5 30. a3 a4 31. g4 hxg4 32. hxg4 Qb8 33. Nc4 Nf4 34. Kh2 Nh7
35. Qe7 Bf8 36. Qh4 Qc7 37. Ne3 Be7 38. Qg3 Ng5 39. Ng2 Nfh3 40. Bd1 Qc4 41. Ne3
Qb5 42. f3 Nf4 43. Qe1 Kg7 44. Kg3 Ngh3 45. Qf1 Qc5 46. Ng2 Nxg2 47. Kxg2 Nf4+
48. Kh1 Qa7 49. Bb4 Qa8 50. Qf2 Qa6 51. Kh2 Qd3 52. Bc2 Qb5 53. Bd1 Qd3 1/2-1/2

[Event "AUTO-ELITE-2054"]
[Site "http://www.queenalice.com/game.php?id=1549664"]
[Date "2018.11.18"]
[Round "1"]
[White "Duncan"]
[Black "shogun"]
[Result "1-0"]
[WhiteElo "2406"]
[BlackElo "2533"]

1. e4 Nc6 2. d4 d6 3. c4 Nf6 4. Nc3 e5 5. d5 Nd4 6. Be3 g6 7. Nge2 c5 8. dxc6
Nxc6 9. f3 Be6 10. b3 Nd7 11. g3 h5 12. h4 Nc5 13. Qd2 f5 14. Bg2 Qa5 15. O-O
fxe4 16. fxe4 O-O-O 17. Rab1 Bg4 18. Bf3 Bh3 19. Rf2 Be6 20. Nc1 Kb8 21. a3 Qxa3
22. b4 Bxc4 23. bxc5 dxc5 24. Nd5 Nd4 25. Bg2 Bd6 26. Ne2 Bd3 27. Rb2 Nxe2+ 28.
Rxe2 Bxe2 29. Qxe2 Qa4 30. Kh2 Rh7 31. Qf2 Rf8 32. Bxc5 Rxf2 33. Bxd6+ Kc8 34.
Rxf2 b6 35. Bxe5 Rd7 36. Bf4 Rf7 37. e5 Kd7 38. Rd2 Rxf4 39. Nxf4+ Ke7 40. Nxg6+
Kf7 41. Nf4 Kg8 42. e6 Kg7 43. Nxh5+ Kg6 44. Nf4+ Kf6 45. Rd7 a5 46. Rf7+ Ke5
47. h5 Qe8 48. h6 a4 49. h7 Kd6 50. Ra7 Qf8 51. Be4 Qh6+ 52. Kg2 Qf6 53. Ra8 Qe5
54. Bd5 Qb2+ 55. Kh3 b5 56. h8=Q Qxh8+ 57. Rxh8 a3 58. Rc8 1-0

[Event "AUTO-ELITE-2054"]
[Site "http://www.queenalice.com/game.php?id=1549669"]
[Date "2018.11.18"]
[Round "1"]
[White "TheWatcher"]
[Black "Duncan"]
[Result "0-1"]
[WhiteElo "2244"]
[BlackElo "2397"]

1. e4 c5 2. Nf3 d6 3. d4 cxd4 4. Nxd4 Nf6 5. Nc3 a6 6. f3 Qc7 7. Bg5 Nbd7 8. Qd2
e6 9. O-O-O b5 10. Bd3 Bb7 11. Rhe1 Be7 12. Kb1 O-O 13. g4 b4 14. Nce2 Qb6 15.
Ng3 Qxd4 16. Be3 Qe5 17. Qxb4 Nc5 18. g5 Nfd7 0-1

[Event "AUTO-ELITE-2054"]
[Site "http://www.queenalice.com/game.php?id=1549670"]
[Date "2018.11.18"]
[Round "1"]
[White "Duncan"]
[Black "TheWatcher"]
[Result "1-0"]
[WhiteElo "2390"]
[BlackElo "2229"]

1. e4 e5 2. Nf3 Nf6 3. Nxe5 d6 4. Nf3 Nxe4 5. d4 d5 6. Bd3 Be7 7. O-O Nd7 8. c4
c6 9. Re1 f5 10. Nc3 Ndf6 11. cxd5 Nxc3 12. bxc3 Nxd5 13. c4 1-0

[Event "AUTO-ELITE-2054"]
[Site "http://www.queenalice.com/game.php?id=1563807"]
[Date "2019.3.10"]
[Round "2"]
[White "Duncan"]
[Black "BEBADO"]
[Result "1/2-1/2"]
[WhiteElo "2417"]
[BlackElo "2227"]

1. e4 c5 2. Nf3 e6 3. d4 cxd4 4. Nxd4 Nf6 5. Nc3 d6 6. Bc4 a6 7. a4 Be7 8. Be3
O-O 9. O-O Nc6 10. f3 Qc7 11. Nxc6 bxc6 12. a5 d5 13. Bb6 Qb8 14. Bb3 Bd6 15. g3
Bxg3 1/2-1/2

[Event "AUTO-ELITE-2054"]
[Site "http://www.queenalice.com/game.php?id=1563808"]
[Date "2019.3.10"]
[Round "2"]
[White "BEBADO"]
[Black "Duncan"]
[Result "0-1"]
[WhiteElo "2299"]
[BlackElo "2413"]

1. e4 c5 2. Nf3 d6 3. d4 cxd4 4. Nxd4 Nf6 5. Nc3 a6 6. Bg5 e6 7. f4 Nbd7 8. Qf3
Qc7 9. O-O-O b5 10. Bd3 Bb7 11. Rhe1 O-O-O 12. a3 Be7 13. g4 h6 14. Bh4 g5 15.
Bg3 gxf4 16. Bxf4 Ne5 17. Bxe5 dxe5 18. Nde2 h5 19. g5 Ng4 20. h4 Rdf8 21. Ng3
f5 22. Qe2 f4 23. Nh1 f3 24. Qf1 f2 25. Re2 Bxa3 26. Nxb5 axb5 27. bxa3 Qc5 0-1

[Event "AUTO-ELITE-2150"]
[Site "http://www.queenalice.com/game.php?id=1582051"]
[Date "2019.8.31"]
[Round "1"]
[White "Duncan"]
[Black "CCapivara"]
[Result "1-0"]
[WhiteElo "2419"]
[BlackElo "2301"]

1. e4 d6 2. d4 Nf6 3. Bd3 e5 4. c3 Be7 5. Ne2 O-O 6. O-O c6 7. f4 Bg4 8. h3 Bxe2
9. Qxe2 Nbd7 10. Be3 exd4 11. cxd4 d5 12. e5 Ne4 13. Bxe4 dxe4 14. f5 c5 15. f6
gxf6 16. Bh6 Kh8 17. Bxf8 Qxf8 18. Qxe4 cxd4 19. exf6 Nxf6 20. Qe5 Kg7 21. Nd2
Re8 22. Ne4 d3 23. Qg5+ Kh8 24. Nxf6 Rd8 25. Qf5 1-0

[Event "AUTO-ELITE-2150"]
[Site "http://www.queenalice.com/game.php?id=1582052"]
[Date "2019.8.31"]
[Round "1"]
[White "CCapivara"]
[Black "Duncan"]
[Result "0-1"]
[WhiteElo "2246"]
[BlackElo "2425"]

1. e4 c5 2. Nf3 d6 3. d4 cxd4 4. Nxd4 Nf6 5. Nc3 a6 6. Bg5 e6 7. f4 Be7 8. Qf3
Qc7 9. O-O-O Nbd7 10. g4 h6 11. Bxf6 Bxf6 12. h4 Qb6 13. Nb3 Be7 14. g5 hxg5 15.
hxg5 Rxh1 16. Qxh1 Qe3+ 17. Kb1 Qxf4 18. g6 fxg6 19. Bc4 Ne5 20. Be2 Bd7 21. Rf1
Qh6 22. Qg1 Rc8 23. a3 Bf6 24. Qb6 Qh2 25. Qxd6 Rxc3 26. bxc3 Qxe2 27. Rd1 Qb5
28. Ka2 Nc4 29. Qb4 Be7 30. Qxb5 Bxb5 31. Nd4 Bd7 32. a4 e5 33. Nb3 Bxa4 34. Rg1
Kf7 35. Rf1+ Ke6 36. Rg1 g5 37. Kb1 Bc6 0-1

[Event "AUTO-ELITE-2150"]
[Site "http://www.queenalice.com/game.php?id=1582053"]
[Date "2019.8.31"]
[Round "1"]
[White "Duncan"]
[Black "BEBADO"]
[Result "1/2-1/2"]
[WhiteElo "2429"]
[BlackElo "2276"]

1. e4 c5 2. Nf3 e6 3. d4 cxd4 4. Nxd4 Nc6 5. c4 Nf6 6. f3 d5 7. Nc3 dxe4 8. Nxc6
Qxd1+ 9. Kxd1 bxc6 10. Nxe4 Nxe4 11. fxe4 Bc5 1/2-1/2

[Event "AUTO-ELITE-2150"]
[Site "http://www.queenalice.com/game.php?id=1582054"]
[Date "2019.8.31"]
[Round "1"]
[White "BEBADO"]
[Black "Duncan"]
[Result "0-1"]
[WhiteElo "2270"]
[BlackElo "2426"]

1. e4 c5 2. Nf3 d6 3. d4 cxd4 4. Nxd4 Nf6 5. Nc3 a6 6. Bg5 e6 7. f4 Be7 8. Qf3
Qc7 9. O-O-O Nbd7 10. g4 h6 11. Bxf6 Bxf6 12. h4 Qb6 13. Nde2 Be7 14. Kb1 Nc5
15. g5 Bd7 16. f5 hxg5 17. hxg5 O-O-O 18. Rxh8 Rxh8 19. g6 fxg6 20. fxe6 Nxe6
21. Nd5 Qd8 22. Qf7 Bf6 23. Qxg6 Be5 24. Nec3 Ng5 0-1

[Event "AUTO-ELITE-2150"]
[Site "http://www.queenalice.com/game.php?id=1596551"]
[Date "2020.1.17"]
[Round "2"]
[White "trompmaster"]
[Black "Duncan"]
[Result "0-1"]
[WhiteElo "2411"]
[BlackElo "2439"]

1. d4 Nf6 2. Nf3 e6 3. g3 b5 4. Bg2 Bb7 5. O-O c5 6. a4 b4 7. dxc5 Bxc5 8. Nbd2
O-O 9. Nb3 Be7 10. Bf4 d6 11. Qd2 a5 12. Rfd1 Bd5 13. Nh4 Bxg2 14. Nxg2 d5 15.
Nd4 Ne4 16. Qd3 Bf6 17. f3 Nd6 18. Bxd6 Qxd6 19. Ne3 Nc6 20. c3 Ne5 21. Qd2 Rfc8
22. Rac1 Nc4 23. Nxc4 Rxc4 24. e3 bxc3 25. Rxc3 Rxa4 26. Rc6 Qd8 27. Qc2 Rb4 28.
Rc5 Bxd4 29. Rxd4 Rxd4 30. exd4 g6 31. Kf2 Kg7 32. Qd3 a4 33. Rb5 Qf6 34. h4 Rc8
35. Qd2 h6 36. Kg2 g5 37. h5 Qf5 38. Rc5 Rb8 39. Rc3 g4 40. f4 Qe4+ 41. Kh2 Rb4
42. Qf2 Qxd4 43. Qe2 Kf6 44. Rc2 Qe4 45. Qd2 Rb3 46. Qd1 d4 47. Rg2 Re3 48. Qxg4
d3 49. Qh4+ Kg7 50. Qd8 Re2 0-1

[Event "AUTO-ELITE-2150"]
[Site "http://www.queenalice.com/game.php?id=1596552"]
[Date "2020.1.17"]
[Round "2"]
[White "Duncan"]
[Black "trompmaster"]
[Result "1-0"]
[WhiteElo "2431"]
[BlackElo "2419"]

1. e4 d6 2. d4 Nf6 3. Bd3 e5 4. c3 Nbd7 5. Ne2 Be7 6. O-O O-O 7. f4 c5 8. h3
cxd4 9. cxd4 b6 10. Be3 Bb7 11. Nbc3 exd4 12. Bxd4 Nc5 13. Qb1 Qd7 14. Bc2 Rac8
15. b4 Ne6 16. Be3 h6 17. Qb3 Ba6 18. Rac1 Bc4 19. Qb2 Qb7 20. Bb1 Rfd8 21. Rfd1
b5 22. a3 a6 23. Kh2 d5 24. e5 Ne4 25. Nxe4 dxe4 26. Ng3 Bd3 27. Rxc8 Qxc8 28.
Nxe4 Bxb1 29. Qxb1 Rxd1 30. Qxd1 Qc4 31. Qf3 Qd3 32. f5 Nd4 33. Bxd4 Qxd4 34.
Qf4 Qd3 35. f6 Bf8 36. fxg7 Bxg7 37. Nf6+ Bxf6 38. exf6 Kh7 39. Qg3 Qg6 40.
Qxg6+ Kxg6 41. Kg3 Kg5 42. h4+ Kf5 43. Kf3 h5 44. g3 Ke5 45. g4 hxg4+ 46. Kxg4
Kxf6 47. Kf4 Kg6 48. h5+ Kf6 49. h6 Kg6 50. Ke5 1-0